Представление документа в формате MARC21

ПолеНазваниеЗначение
  Тип записи a
  Библиографический уровень m
001 Контрольный номер RU\infra-m\znanium\bibl\2234267
005 Дата корректировки 20260429142238.9
008 Кодируемые данные 260120s2025 RU g rus u
020 Индекс ISBN __
a ISBN 978-5-9614-5661-5
040 Источник каталогиз. __
a Служба первич. каталог. Общество с ограниченной ответственностью «ЗНАНИУМ»
041 Код языка издания __
a Код языка текста rus
044 Код страны публикации __
a Код страны публикации RU
080 Индекс УДК __
a Индекс УДК 338.46:339.138
084 Индекс другой классификации/Индекс ББК __
2 Источник индекса rubbk
a Индекс другой классификации/Индекс ББК 65.290-2
084 Индекс другой классификации/Индекс ББК __
2 Источник индекса okso
a Индекс другой классификации/Индекс ББК 38.03.06
100 Автор __
a Автор Беквит Г.
q Полное имя Беквит Гарри
245 Заглавие __
a Заглавие Продавая незримое: Руководство по современному маркетингу услуг
b Продолж. заглавия Практическое пособие
250 Сведения об издании __
a Основные сведения об издании 4
260 Выходные данные __
a Место издания Москва
b Издательство ООО "Альпина Паблишер"
c Дата издания 2026
300 Физическое описание __
a Объем 220 с.
520 Аннотация __
a Аннотация Маркетинг услуг — одна из наиболее сложных сфер профессиональной деятельности. Вы не можете дотронуться до основного продукта своей компании услышать его или увидеть… Тогда как же организовывать продажи и стимулировать сбыт? Книга Гарри Беквита основанная на двадцатипятилетнем опыте работы автора с тысячами профессиональных бизнесменов доносит до читателей маркетинговые знания через рассмотрение практических примеров работы крупных компаний таких как Federal Express и Citicorp и небольших частных предприятий. Книга лаконична увлекательна и содержит сотни практичных и легких для реализации приемов и стратегий которые используются в сфере маркетинга услуг. Издание ориентировано на специалистов в области маркетинга услуг а также студентов и преподавателей экономических вузов.
521 Примеч. о цел. назн. __
a Примеч. о целев. назн. Профессиональное образование
650 Тематические рубрики __
a Основная рубрика Реклама. Маркетинг. PR
x Основная подрубрика Отраслевой маркетинг
655 Указ. предметных рубрик (устаревшее) __
a Жанр/ форма (устаревшее) Практическое пособие
856 Электронный адрес документа 4_
a Имя сервера/домена znanium.ru
m Помощь ebs_support@infra-m.ru
n Местонахождение сервера НИЦ ИНФРА-М
u URL https://znanium.ru/catalog/document?id=473089
856 Электронный адрес документа 48
a Имя сервера/домена znanium.ru
d Путь /cover/2234
f Электронное имя 2234267.jpg
q Тип электронного формата image/jpeg
u URL https://znanium.ru/cover/2234/2234267.jpg
911 __
u 0030=https://znanium.ru/catalog/document?id=473089